[Event "Junior Online 4NCL Division 4"]
[Site "online"]
[Date "2020.06.04"]
[Round "8.48"]
[White "Wang, Nathaniel"]
[Black "Sagyaman, Vassily M"]
[Result "1-0"]
[WhiteElo "1202"]
[BlackElo "1232"]
[PlyCount "45"]
[EventDate "2020.06.04"]
[WhiteTeam "Robin Hoods 2"]
[BlackTeam "Warwickshire Bears D"]

1. e4 e5 2. Nf3 Nc6 3. d4 exd4 4. Bc4 Be7 5. O-O Nf6 6. Re1 O-O 7. c3 dxc3 8.
Nxc3 d6 9. Bg5 Bg4 10. Bxf6 Bxf6 11. Rc1 Nd4 12. Be2 Nxe2+ 13. Qxe2 Qd7 14. h3
Bh5 15. Rcd1 Rfe8 16. Qe3 Bg6 17. e5 Bxe5 18. Nxe5 Rxe5 19. Qxe5 dxe5 20. Rxd7
Re8 21. Nd5 c6 22. Rxe5 f6 23. Ne7+ 1-0

[Event "Junior Online 4NCL Division 4"]
[Site "online"]
[Date "2020.06.04"]
[Round "8.51"]
[White "Babu, Rohan"]
[Black "Brady, Fearghal"]
[Result "0-1"]
[WhiteElo "1255"]
[BlackElo "1450"]
[PlyCount "90"]
[EventDate "2020.06.04"]
[WhiteTeam "Robin Hoods 3"]
[BlackTeam "St Benildus 2"]

1. e4 d6 2. Nc3 Nf6 3. d4 g6 4. Bc4 Bg7 5. Nf3 O-O 6. O-O c6 7. Bg5 b5 8. Bb3
b4 9. Ne2 Nxe4 10. Bf4 Nd7 11. Qd3 Nef6 12. Ng5 d5 13. c4 h6 14. Nf3 Ba6 15.
Ne5 Nxe5 16. dxe5 Nh5 17. Be3 Bxe5 18. Bxh6 Bg7 19. Be3 dxc4 20. Bxc4 Qxd3 21.
Bxd3 Bxd3 22. Rfe1 Bxb2 23. Rad1 Rfd8 24. h3 Bxe2 25. Rxd8+ Rxd8 26. Rxe2 Rd1+
27. Kh2 Be5+ 28. g3 a5 29. f4 Bc3 30. g4 Nf6 31. Bc5 e6 32. h4 Nxg4+ 33. Kh3
Nf6 34. Re3 Bd4 35. Bxd4 Rxd4 36. Kg2 Rd2+ 37. Kf3 Rxa2 38. Re5 b3 39. Rb5 cxb5
40. f5 b2 41. fxg6 fxg6 42. h5 b1=Q 43. hxg6 Qf5+ 44. Kg3 Ra3+ 45. Kh4 Qf4# 0-1

[Event "Junior Online 4NCL Division 4"]
[Site "online"]
[Date "2020.06.04"]
[Round "8.52"]
[White "Lievens, Karel"]
[Black "Humphreys, Benjamin"]
[Result "1-0"]
[WhiteElo "1416"]
[BlackElo "1255"]
[PlyCount "43"]
[EventDate "2020.06.04"]
[WhiteTeam "St Benildus 2"]
[BlackTeam "Robin Hoods 3"]

1. e4 e5 2. Nf3 Nc6 3. Nc3 Nf6 4. d4 exd4 5. Nxd4 Nxd4 6. Qxd4 Be7 7. Be3 O-O
8. f3 c5 9. Qd2 b6 10. O-O-O Bb7 11. g4 h6 12. h4 g6 13. Bxh6 Kh7 14. Bxf8 Qxf8
15. h5 a5 16. hxg6+ Kxg6 17. e5 Nxg4 18. Bd3+ f5 19. exf6+ Kxf6 20. Qf4+ Ke6
21. Qxg4+ Kf7 22. Qg6# 1-0

[Event "Junior Online 4NCL Division 4"]
[Site "online"]
[Date "2020.06.04"]
[Round "8.54"]
[White "\], Max"]
[Black "Pannu, Aaron"]
[Result "1-0"]
[WhiteElo "700"]
[BlackElo "1240"]
[PlyCount "73"]
[EventDate "2020.06.04"]
[WhiteTeam "St Benildus 2"]
[BlackTeam "Robin Hoods 3"]

1. d4 d5 2. c4 e6 3. Nf3 Bb4+ 4. Bd2 Nc6 5. Qa4 Bxd2+ 6. Nbxd2 Bd7 7. Qb3 Nf6
8. e3 O-O 9. Bd3 Na5 10. Qc3 dxc4 11. Bxh7+ Nxh7 12. Qxa5 b6 13. Qc3 b5 14. O-O
Ng5 15. Ne5 Qe7 16. Qa5 Rfc8 17. Nxd7 Qxd7 18. a4 a6 19. Qb4 c5 20. dxc5 a5 21.
Qc3 Rxc5 22. axb5 Qxb5 23. b4 Rd5 24. bxa5 Rxa5 25. Rxa5 Qxa5 26. Qxa5 Rxa5 27.
Nxc4 Rc5 28. Nb2 Ne4 29. Nd3 Rc3 30. Nf4 Nd2 31. Rd1 Nb3 32. g4 e5 33. Nd5 Rc4
34. h3 Rc5 35. Ne7+ Kf8 36. Nf5 g6 37. Rd8# 1-0

[Event "Junior Online 4NCL Division 4"]
[Site "online"]
[Date "2020.06.04"]
[Round "8.55"]
[White "Brady, Fearghal"]
[Black "Babu, Rohan"]
[Result "1-0"]
[WhiteElo "1450"]
[BlackElo "1255"]
[PlyCount "57"]
[EventDate "2020.06.04"]
[WhiteTeam "St Benildus 2"]
[BlackTeam "Robin Hoods 3"]

1. e4 e5 2. Nf3 Nc6 3. Bc4 Bc5 4. c3 Nf6 5. d4 exd4 6. cxd4 Bb4+ 7. Nbd2 Nxe4
8. d5 Qe7 9. O-O Ne5 10. Nxe5 Qxe5 11. Re1 f5 12. Bd3 Bxd2 13. Bxd2 O-O 14. f3
Qd4+ 15. Be3 Qxd5 16. fxe4 fxe4 17. Bf1 Qf5 18. Bc4+ d5 19. Rf1 Qe5 20. Bxd5+
Be6 21. Bxb7 Rxf1+ 22. Qxf1 Rf8 23. Qe2 Rb8 24. Ba6 Rxb2 25. Qd1 Bxa2 26. Rxa2
Rxa2 27. Bc4+ Kf8 28. Qd8+ Qe8 29. Bc5# 1-0

[Event "Junior Online 4NCL Division 4"]
[Site "online"]
[Date "2020.06.04"]
[Round "8.56"]
[White "Humphreys, Benjamin"]
[Black "Lievens, Karel"]
[Result "0-1"]
[WhiteElo "1255"]
[BlackElo "1416"]
[PlyCount "85"]
[EventDate "2020.06.04"]
[WhiteTeam "Robin Hoods 3"]
[BlackTeam "St Benildus 2"]

1. e4 e5 2. Nf3 Nc6 3. Bc4 Nf6 4. Ng5 d5 5. exd5 Na5 6. Bb5+ c6 7. dxc6 bxc6 8.
Qf3 Be7 9. Bxc6+ Nxc6 10. Qxc6+ Bd7 11. Qc4 O-O 12. Nc3 h6 13. Nf3 Rc8 14. Qe2
Bd6 15. d3 Bc6 16. O-O Re8 17. Be3 e4 18. dxe4 Nxe4 19. Nxe4 Bxe4 20. c3 Bd3
21. Qd2 Bxf1 22. Kxf1 Bf8 23. Qxd8 Rexd8 24. Bxa7 Ra8 25. Be3 Rdb8 26. b4 Rc8
27. Bd2 g5 28. g4 Bg7 29. Nd4 Bxd4 30. cxd4 Rc2 31. Ke1 Raxa2 32. Rxa2 Rxa2 33.
Ke2 Kf8 34. Kd3 Ke7 35. b5 Rb2 36. Kc4 Rxd2 37. b6 Kd7 38. Kc5 Rc2+ 39. Kb5 Kc8
40. Ka6 Ra2+ 41. Kb5 Kb7 42. d5 Rb2+ 43. Kc5 0-1

[Event "Junior Online 4NCL Division 4"]
[Site "online"]
[Date "2020.06.04"]
[Round "8.58"]
[White "Pannu, Aaron"]
[Black "Gubala, Max"]
[Result "0-1"]
[WhiteElo "1240"]
[BlackElo "700"]
[PlyCount "50"]
[EventDate "2020.06.04"]
[WhiteTeam "Robin Hoods 3"]
[BlackTeam "St Benildus 2"]

1. e4 c5 2. Nf3 Nc6 3. d4 cxd4 4. c3 dxc3 5. Nxc3 e6 6. Bf4 Bb4 7. a3 Bxc3+ 8.
bxc3 Qf6 9. e5 Qxf4 10. Bd3 Nxe5 11. Nxe5 Qxe5+ 12. Be2 Qxc3+ 13. Kf1 Nf6 14.
Rc1 Qxa3 15. Ra1 Qc5 16. Rc1 Qb6 17. Rb1 Qc5 18. Rc1 Qf5 19. Bg4 Nxg4 20. f3
Ne3+ 21. Ke1 Nxd1 22. Rxd1 Qe5+ 23. Kf1 b6 24. Re1 Ba6+ 25. Kg1 Qxe1# 0-1

[Event "Junior Online 4NCL Division 4"]
[Site "online"]
[Date "2020.06.04"]
[Round "8.61"]
[White "Cham, Alex"]
[Black "Miller, Kai"]
[Result "1-0"]
[WhiteElo "1307"]
[BlackElo "1390"]
[PlyCount "109"]
[EventDate "2020.06.04"]
[WhiteTeam "St Albans Early Knights 3"]
[BlackTeam "Hallfield School B"]

1. d4 Nf6 2. Bf4 g6 3. e3 Bg7 4. Bd3 d6 5. c3 O-O 6. Nf3 Nbd7 7. Nbd2 h6 8. Qc2
c6 9. O-O-O b5 10. Bxg6 fxg6 11. Qxg6 Rf7 12. Bxh6 Nf8 13. Qg5 Kh7 14. Bxg7
Rxg7 15. Qf4 Ng6 16. Qg3 Nf4 17. Qxf4 Rg4 18. Ng5+ Kg6 19. Qf3 Rxg5 20. Qe2 Kf7
21. Nf3 Bg4 22. h3 Bxf3 23. Qxf3 Rg8 24. h4 a5 25. Qf4 Qc7 26. f3 b4 27. c4 Qc8
28. g4 d5 29. c5 a4 30. g5 a3 31. b3 Qa6 32. gxf6 exf6 33. e4 Qe2 34. Rd2 Qa6
35. e5 Rg6 36. h5 Rg5 37. Qxf6+ Ke8 38. Qxg5 Qc8 39. Qg8+ Kd7 40. Qxc8+ Rxc8
41. h6 Rh8 42. h7 Ke7 43. f4 Kf7 44. f5 Kg7 45. e6 Rxh7 46. Rxh7+ Kxh7 47. e7
Kg7 48. e8=Q Kf6 49. Qe6+ Kg5 50. Rg2+ Kf4 51. Qe5+ Kf3 52. Rg3+ Kf2 53. Qe3+
Kf1 54. Qf4+ Ke2 55. Re3# 1-0

[Event "Junior Online 4NCL Division 4"]
[Site "online"]
[Date "2020.06.04"]
[Round "8.62"]
[White "Muthuvelu, Rithvik"]
[Black "Ravithas, Abinash"]
[Result "0-1"]
[WhiteElo "1337"]
[BlackElo "1285"]
[PlyCount "88"]
[EventDate "2020.06.04"]
[WhiteTeam "Hallfield School B"]
[BlackTeam "St Albans Early Knights 3"]

1. e4 e5 2. Nf3 Nc6 3. Bc4 Bc5 4. Nc3 Nf6 5. d3 h6 6. Be3 Bb6 7. O-O d6 8. h3
O-O 9. Qe2 Re8 10. Rad1 Bd7 11. Bb5 a6 12. Bxc6 Bxc6 13. Bxb6 cxb6 14. Qe3 b5
15. b3 Qe7 16. d4 exd4 17. Rxd4 Nxe4 18. Re1 f5 19. Nh4 Qxh4 20. Nd5 Bxd5 21.
Rxd5 Nf6 22. Qd2 Rxe1+ 23. Qxe1 Nxd5 24. Qe6+ Kh8 25. Qxd5 Qe4 26. Qxd6 Re8 27.
Kh2 Qe5+ 28. Qxe5 Rxe5 29. f4 Re2 30. Kg3 Rxc2 31. Kf3 Rxa2 32. Ke3 Rxg2 33.
Kd4 Rg3 34. h4 Rxb3 35. Ke5 a5 36. Kxf5 a4 37. Ke5 a3 38. Kd4 a2 39. Kc5 a1=Q
40. Kb6 Qa6+ 41. Kc7 Rc3+ 42. Kd8 Qd6+ 43. Ke8 Rc8+ 44. Kf7 Qf6# 0-1

[Event "Junior Online 4NCL Division 4"]
[Site "online"]
[Date "2020.06.04"]
[Round "8.63"]
[White "Vitvitska, Vasylyna"]
[Black "Kuang, Felix"]
[Result "1-0"]
[WhiteElo "1187"]
[BlackElo "1247"]
[PlyCount "75"]
[EventDate "2020.06.04"]
[WhiteTeam "St Albans Early Knights 3"]
[BlackTeam "Hallfield School B"]

1. e4 e5 2. Nf3 Nc6 3. Bc4 Nf6 4. Nc3 Nxe4 5. Bxf7+ Kxf7 6. Nxe4 d5 7. Neg5+
Kg8 8. d3 h6 9. Nh3 Bc5 10. Bd2 Kh7 11. Qe2 Rf8 12. O-O-O Bg4 13. Nfg5+ hxg5
14. Qxg4 Qd6 15. Nxg5+ Kg8 16. Qh5 Qh6 17. Qg4 Bxf2 18. Rdf1 Bb6 19. Rxf8+ Rxf8
20. Ne6 Be3 21. Bxe3 Qxe3+ 22. Kb1 Rf7 23. h4 Qf2 24. a3 Nd4 25. Nxd4 Qxd4 26.
Qc8+ Kh7 27. Qxb7 a5 28. Qc8 c5 29. h5 Kh6 30. Qe6+ Rf6 31. Qe8 Qg4 32. Qh8+
Kg5 33. Qxg7+ Kf5 34. Rf1+ Ke6 35. Qxf6+ Kd7 36. Qf7+ Kd6 37. Rf6+ Qe6 38.
Rxe6# 1-0

[Event "Junior Online 4NCL Division 4"]
[Site "online"]
[Date "2020.06.04"]
[Round "8.64"]
[White "Agrawal, Ayan"]
[Black "Demura, Dmitrii"]
[Result "0-1"]
[WhiteElo "1292"]
[BlackElo "1142"]
[PlyCount "68"]
[EventDate "2020.06.04"]
[WhiteTeam "Hallfield School B"]
[BlackTeam "St Albans Early Knights 3"]

1. d4 d5 2. c4 dxc4 3. e4 Nf6 4. Nc3 Nc6 5. Bxc4 Nxd4 6. Be3 e5 7. Nf3 Bc5 8.
Nxe5 O-O 9. Nf3 Bg4 10. h3 Bh5 11. g4 Bg6 12. Nxd4 Bxd4 13. Qxd4 Qxd4 14. Bxd4
Bxe4 15. Nxe4 Nxe4 16. Bd5 Rfe8 17. Bxb7 Nd6+ 18. Kd2 Nxb7 19. Rhe1 Nd6 20. Re7
Rxe7 21. Re1 Rxe1 22. Kxe1 Re8+ 23. Kd2 Rd8 24. Bxa7 Nb5+ 25. Ke3 Nxa7 26. f3
c5 27. Ke4 c4 28. b4 c3 29. f4 c2 30. f5 c1=Q 31. Kf3 Qd1+ 32. Kg2 Rd3 33. Kh2
Qe2+ 34. Kg1 Rd1# 0-1

[Event "Junior Online 4NCL Division 4"]
[Site "online"]
[Date "2020.06.04"]
[Round "8.65"]
[White "Miller, Kai"]
[Black "Cham, Alex"]
[Result "1-0"]
[WhiteElo "1390"]
[BlackElo "1307"]
[PlyCount "47"]
[EventDate "2020.06.04"]
[WhiteTeam "Hallfield School B"]
[BlackTeam "St Albans Early Knights 3"]

1. e4 c6 2. d4 d5 3. e5 Bf5 4. Bd3 Bg6 5. Nf3 e6 6. Bxg6 hxg6 7. Nbd2 Nd7 8. c4
Qc7 9. cxd5 exd5 10. O-O f6 11. Re1 O-O-O 12. e6 Nb6 13. a4 Bd6 14. b3 Bxh2+
15. Kf1 Kb8 16. b4 f5 17. Ng5 Rf8 18. Nf7 Rxf7 19. exf7 Qxf7 20. a5 f4 21. axb6
a6 22. Qe2 Bg3 23. Qe8+ Qxe8 24. Rxe8# 1-0

[Event "Junior Online 4NCL Division 4"]
[Site "online"]
[Date "2020.06.04"]
[Round "8.66"]
[White "Ravithas, Abinash"]
[Black "Muthuvelu, Rithvik"]
[Result "1-0"]
[WhiteElo "1285"]
[BlackElo "1337"]
[PlyCount "69"]
[EventDate "2020.06.04"]
[WhiteTeam "St Albans Early Knights 3"]
[BlackTeam "Hallfield School B"]

1. e4 e5 2. Nf3 Nc6 3. Bc4 Nf6 4. Nc3 Bc5 5. d3 h6 6. O-O d6 7. h3 Be6 8. Bb3
O-O 9. Re1 Qe7 10. Be3 Bb4 11. a3 Ba5 12. Ba2 Bxa2 13. Rxa2 Qe6 14. b4 Bb6 15.
Bxb6 axb6 16. b5 Nd4 17. Ra1 c6 18. bxc6 bxc6 19. Nxd4 Qd7 20. Nf3 d5 21. exd5
cxd5 22. Nxe5 Qe6 23. Ng6 Qc6 24. Ne7+ Kh8 25. Nxc6 Rfc8 26. Nxd5 Nxd5 27. Nb4
Nxb4 28. axb4 Rxa1 29. Qxa1 Rxc2 30. d4 Rd2 31. Re8+ Kh7 32. Qb1+ g6 33. Re7
Kg8 34. Qb3 Kf8 35. Qxf7# 1-0

[Event "Junior Online 4NCL Division 4"]
[Site "online"]
[Date "2020.06.04"]
[Round "8.68"]
[White "Demura, Dmitrii"]
[Black "Agrawal, Ayan"]
[Result "0-1"]
[WhiteElo "1142"]
[BlackElo "1292"]
[PlyCount "62"]
[EventDate "2020.06.04"]
[WhiteTeam "St Albans Early Knights 3"]
[BlackTeam "Hallfield School B"]

1. e4 e5 2. Nf3 Nc6 3. Bc4 Bc5 4. O-O Nf6 5. Ng5 O-O 6. d3 h6 7. Nc3 d6 8. h3
hxg5 9. Bxg5 Be6 10. Bxe6 fxe6 11. Qf3 Nd4 12. Qg3 Ne2+ 13. Kh1 Nxg3+ 14. fxg3
Nh5 15. Bxd8 Nxg3+ 16. Kh2 Nxf1+ 17. Rxf1 Rxf1 18. Ne2 Rxd8 19. Ng3 Rf2 20. Nh5
Rxc2 21. b4 Be3 22. a4 Ra2 23. a5 g6 24. Nf6+ Kf7 25. Nh7 Rh8 26. Ng5+ Bxg5 27.
h4 Rxh4+ 28. Kg1 Ra1+ 29. Kf2 Ra2+ 30. Kg1 Be3+ 31. Kf1 Rh1# 0-1

[Event "Junior Online 4NCL Division 4"]
[Site "online"]
[Date "2020.06.04"]
[Round "8.71"]
[White "Gauri, Dhairye"]
[Black "Dhemrait, Manav"]
[Result "0-1"]
[WhiteElo "1435"]
[BlackElo "1315"]
[PlyCount "92"]
[EventDate "2020.06.04"]
[WhiteTeam "Uxbridge Juniors A"]
[BlackTeam "Harrow Juniors C"]

1. e4 c5 2. Nf3 d6 3. d4 cxd4 4. Nxd4 g6 5. b3 Bg7 6. Bb2 Nf6 7. Nc3 Nc6 8.
Nxc6 bxc6 9. Bc4 O-O 10. O-O Bb7 11. Re1 c5 12. Nd5 e6 13. Nxf6+ Bxf6 14. Bxf6
Qxf6 15. Qxd6 Bxe4 16. Rac1 Qf5 17. Bd3 Bxd3 18. cxd3 Rad8 19. Qxc5 Qxd3 20.
Qxa7 Ra8 21. Qe3 Qxe3 22. Rxe3 Rxa2 23. b4 Rb8 24. Rb1 Rxb4 25. Reb3 Rxb3 26.
Rf1 Rab2 27. h3 Rb1 28. Rxb1 Rxb1+ 29. Kh2 Kg7 30. Kg3 Kf6 31. f4 Kf5 32. Kf3
Rb3+ 33. Kf2 Kxf4 34. h4 Kg4 35. g3 Rxg3 36. h5 gxh5 37. Kf1 h4 38. Kf2 h3 39.
Ke1 Kf3 40. Kd2 h2 41. Kc2 Kf4 42. Kd2 h1=R 43. Ke2 Rh2+ 44. Kf1 Ra3 45. Kg1
Rb2 46. Kh1 Ra1# 0-1

[Event "Junior Online 4NCL Division 4"]
[Site "online"]
[Date "2020.06.04"]
[Round "8.72"]
[White "Paul, Alexandre"]
[Black "Knight, Samuel"]
[Result "0-1"]
[WhiteElo "1352"]
[BlackElo "1382"]
[PlyCount "74"]
[EventDate "2020.06.04"]
[WhiteTeam "Harrow Juniors C"]
[BlackTeam "Uxbridge Juniors A"]

1. e4 e6 2. Nc3 d5 3. e5 c5 4. d4 Nc6 5. dxc5 Bxc5 6. Bb5 Bd7 7. Bxc6 Bxc6 8.
Be3 Bxe3 9. fxe3 Rc8 10. Qd4 a6 11. O-O-O Qd7 12. Rf1 Nh6 13. Nge2 Nf5 14. Qd3
b5 15. a3 Qc7 16. g4 Ne7 17. Rhg1 Qxe5 18. Rg2 Qc7 19. Rgf2 O-O 20. Rf3 d4 21.
exd4 Bxf3 22. Qxf3 Nd5 23. h4 a5 24. g5 b4 25. axb4 axb4 26. h5 bxc3 27. b3 g6
28. hxg6 fxg6 29. Qg2 Rxf1+ 30. Qxf1 Rf8 31. Qg2 Qh2 32. Nxc3 Qxg2 33. Nxd5
Rf1+ 34. Kb2 Qxd5 35. c3 Rf2+ 36. Ka3 Qb5 37. c4 Qa5# 0-1

[Event "Junior Online 4NCL Division 4"]
[Site "online"]
[Date "2020.06.04"]
[Round "8.73"]
[White "Bhat, Advay"]
[Black "Evans, Daniel"]
[Result "1-0"]
[WhiteElo "1360"]
[BlackElo "1270"]
[PlyCount "65"]
[EventDate "2020.06.04"]
[WhiteTeam "Uxbridge Juniors A"]
[BlackTeam "Harrow Juniors C"]

1. d4 Nf6 2. Nf3 e6 3. c4 d5 4. Nc3 c5 5. e3 Nc6 6. Bd3 Be7 7. O-O O-O 8. h3
cxd4 9. exd4 dxc4 10. Bxc4 a6 11. Bb3 Bb4 12. a3 Ba5 13. Be3 Bb6 14. Qd3 e5 15.
d5 Bxe3 16. fxe3 Ne7 17. Rfd1 Bf5 18. e4 Bg6 19. Nxe5 Nexd5 20. Bxd5 Nxd5 21.
Nxd5 Re8 22. Nxg6 hxg6 23. Rd2 Qd6 24. Rad1 Rad8 25. b4 Re5 26. g4 f5 27. exf5
Kh8 28. fxg6 Rxd5 29. Qxd5 Qb6+ 30. Qc5 Rxd2 31. Rxd2 Qxc5+ 32. bxc5 a5 33.
Rd8# 1-0

[Event "Junior Online 4NCL Division 4"]
[Site "online"]
[Date "2020.06.04"]
[Round "8.74"]
[White "Laza, Andrei"]
[Black "Das, Devorshi"]
[Result "0-1"]
[WhiteElo "1315"]
[BlackElo "1120"]
[PlyCount "114"]
[EventDate "2020.06.04"]
[WhiteTeam "Harrow Juniors C"]
[BlackTeam "Uxbridge Juniors A"]

1. e4 e5 2. Nf3 Nc6 3. Nc3 d6 4. Bb5 Bd7 5. h3 Nf6 6. d3 a6 7. Ba4 Be7 8. Be3
h6 9. O-O O-O 10. Qd2 Kh7 11. d4 exd4 12. Nxd4 Nxd4 13. Qxd4 Bxa4 14. Nxa4 Qd7
15. Nc3 Kg8 16. Nd5 Nxd5 17. Qxd5 c6 18. Qd2 Bf6 19. c3 Rfe8 20. f3 d5 21. exd5
cxd5 22. Rfe1 Qd6 23. Rad1 Red8 24. Bd4 Bxd4+ 25. Qxd4 Rab8 26. c4 Rd7 27. cxd5
Rbd8 28. Qe5 f6 29. Qxd6 Rxd6 30. Re7 b5 31. Kf2 Rxd5 32. Rxd5 Rxd5 33. Ke3 Kf8
34. Ra7 Rd6 35. Ra8+ Ke7 36. Ra7+ Kd8 37. Rxg7 Rc6 38. Kd3 Rd6+ 39. Ke3 Re6+
40. Kf2 Rc6 41. Kg3 Rc2 42. Rf7 Rxb2 43. Rxf6 Rxa2 44. Rxh6 a5 45. Rb6 Rb2 46.
Ra6 a4 47. f4 b4 48. f5 a3 49. f6 Ke8 50. h4 a2 51. h5 Rb3+ 52. Kg4 Ra3 53.
Re6+ Kf7 54. Re1 a1=Q 55. Rxa1 Rxa1 56. h6 Kxf6 57. h7 Ra8 0-1

[Event "Junior Online 4NCL Division 4"]
[Site "online"]
[Date "2020.06.04"]
[Round "8.75"]
[White "Dhemrait, Manav"]
[Black "Gauri, Dhairye"]
[Result "1-0"]
[WhiteElo "1315"]
[BlackElo "1435"]
[PlyCount "47"]
[EventDate "2020.06.04"]
[WhiteTeam "Harrow Juniors C"]
[BlackTeam "Uxbridge Juniors A"]

1. e4 e5 2. Nf3 Nc6 3. d4 exd4 4. Nxd4 Nxd4 5. Qxd4 c5 6. Qd1 d6 7. Nc3 a6 8.
Bf4 Nf6 9. Be2 Be7 10. O-O O-O 11. Qd2 Nh5 12. Bxh5 g6 13. Be2 Be6 14. Bh6 Re8
15. Nd5 Bxd5 16. Qxd5 Bf6 17. Bc4 Qd7 18. Rad1 Rad8 19. Rfe1 Bxb2 20. Rb1 Bc3
21. Rxb7 Qxb7 22. Qxb7 Bxe1 23. Qxf7+ Kh8 24. Qg7# 1-0

[Event "Junior Online 4NCL Division 4"]
[Site "online"]
[Date "2020.06.04"]
[Round "8.76"]
[White "Knight, Samuel"]
[Black "Paul, Alexandre"]
[Result "1-0"]
[WhiteElo "1382"]
[BlackElo "1352"]
[PlyCount "23"]
[EventDate "2020.06.04"]
[WhiteTeam "Uxbridge Juniors A"]
[BlackTeam "Harrow Juniors C"]

1. d4 d5 2. Bf4 Nf6 3. e3 c6 4. Bd3 Bg4 5. Nf3 e6 6. Nbd2 Bd6 7. Bg3 Bxg3 8.
hxg3 O-O 9. c3 Qd6 10. Qc2 Bxf3 11. Bxh7+ Nxh7 12. Qxh7# 1-0

[Event "Junior Online 4NCL Division 4"]
[Site "online"]
[Date "2020.06.04"]
[Round "8.77"]
[White "Evans, Daniel"]
[Black "Bhat, Advay"]
[Result "1-0"]
[WhiteElo "1270"]
[BlackElo "1360"]
[PlyCount "89"]
[EventDate "2020.06.04"]
[WhiteTeam "Harrow Juniors C"]
[BlackTeam "Uxbridge Juniors A"]

1. c4 e5 2. g3 Nc6 3. Bg2 Nf6 4. e3 d6 5. Ne2 Bf5 6. Nbc3 e4 7. a3 g5 8. h3 Bg7
9. g4 Bg6 10. Ng3 O-O 11. Ngxe4 Ne5 12. d4 Ned7 13. O-O Re8 14. Nxf6+ Nxf6 15.
Bxb7 Rb8 16. Bg2 h5 17. f3 c5 18. d5 hxg4 19. fxg4 Ne4 20. Nxe4 Bxe4 21. Bxe4
Rxe4 22. Qf3 Re7 23. Rb1 a5 24. Qf5 Rbb7 25. Qxg5 Qb8 26. Bd2 Rxb2 27. Bc3 f6
28. Rxb2 Qxb2 29. Qxg7+ Rxg7 30. Bxb2 Rb7 31. Bxf6 Rb3 32. Re1 Rxa3 33. Be7 Rb3
34. Bxd6 Rc3 35. Bxc5 Rxc4 36. Bd4 Rc7 37. e4 a4 38. e5 a3 39. Ra1 Rc4 40. Bf2
Re4 41. e6 Kf8 42. Rxa3 Ke7 43. Bc5+ Kf6 44. Rf3+ Ke5 45. Rf5# 1-0

[Event "Junior Online 4NCL Division 4"]
[Site "online"]
[Date "2020.06.04"]
[Round "8.78"]
[White "Das, Devorshi"]
[Black "Laza, Andrei"]
[Result "0-1"]
[WhiteElo "1120"]
[BlackElo "1315"]
[PlyCount "72"]
[EventDate "2020.06.04"]
[WhiteTeam "Uxbridge Juniors A"]
[BlackTeam "Harrow Juniors C"]

1. e4 e5 2. Nf3 Nc6 3. Bb5 d6 4. Bxc6+ bxc6 5. Nc3 Nf6 6. d3 h6 7. h3 Be6 8.
Qe2 Be7 9. O-O O-O 10. Bd2 Rb8 11. b3 Nd7 12. Qe3 d5 13. exd5 cxd5 14. Qxa7 d4
15. Ne4 Ra8 16. Qb7 Nc5 17. Qb5 Bd7 18. Qc4 Be6 19. Qb4 Nxd3 20. Qc4 Bxc4 21.
bxc4 Nb2 22. Nxe5 f6 23. Ng6 Re8 24. c5 Qd5 25. Nxe7+ Rxe7 26. Ng3 Qxc5 27. Bc1
Qxc2 28. Bxb2 Qxb2 29. Nf5 Re5 30. Ng3 Rxa2 31. Rxa2 Qxa2 32. Kh1 d3 33. Rd1
Qxf2 34. Nf1 Re1 35. Rxe1 Qxe1 36. Kg1 d2 0-1

[Event "Junior Online 4NCL Division 4"]
[Site "online"]
[Date "2020.06.04"]
[Round "8.81"]
[White "Kothari, Jai"]
[Black "Byrom, Harris"]
[Result "1/2-1/2"]
[WhiteElo "1547"]
[BlackElo "1457"]
[PlyCount "27"]
[EventDate "2020.06.04"]
[WhiteTeam "Woking Warriors"]
[BlackTeam "Ojays E"]

1. e4 e5 2. Nf3 Nf6 3. Nc3 Nc6 4. Bc4 Nxe4 5. Nxe4 d5 6. Bxd5 Qxd5 7. Nc3 Qd8
8. d3 Be6 9. Be3 Qd7 10. Qd2 O-O-O 11. O-O-O Bf5 12. Nh4 Be6 13. f3 Be7 14. g3
1/2-1/2

[Event "Junior Online 4NCL Division 4"]
[Site "online"]
[Date "2020.06.04"]
[Round "8.82"]
[White "Masacorale, Jamie"]
[Black "Phillips, Freddie"]
[Result "1-0"]
[WhiteElo "1457"]
[BlackElo "1390"]
[PlyCount "61"]
[EventDate "2020.06.04"]
[WhiteTeam "Ojays E"]
[BlackTeam "Woking Warriors"]

1. d4 d5 2. Nf3 Bg4 3. e3 e6 4. h3 Bh5 5. Be2 Nf6 6. Ne5 Bd6 7. Bxh5 Nxh5 8.
Qxh5 Bxe5 9. Qxe5 O-O 10. O-O Nc6 11. Qg3 Nb4 12. Na3 Qd6 13. Qxd6 cxd6 14. Bd2
Nc6 15. c4 dxc4 16. Nxc4 d5 17. Ne5 Nxe5 18. dxe5 Rac8 19. Rac1 b5 20. Bb4 Rc4
21. Bxf8 Kxf8 22. Rxc4 bxc4 23. Rc1 a5 24. b3 cxb3 25. axb3 Ke7 26. Ra1 Kd7 27.
Rxa5 Kc6 28. Ra7 g5 29. Rxf7 h5 30. Rg7 g4 31. hxg4 1-0

[Event "Junior Online 4NCL Division 4"]
[Site "online"]
[Date "2020.06.04"]
[Round "8.83"]
[White "Seet, Joshua"]
[Black "Li, Evan"]
[Result "0-1"]
[WhiteElo "1277"]
[BlackElo "1435"]
[PlyCount "102"]
[EventDate "2020.06.04"]
[WhiteTeam "Woking Warriors"]
[BlackTeam "Ojays E"]

1. d4 d5 2. c4 Nf6 3. cxd5 Nxd5 4. e4 Nf6 5. Nc3 Bg4 6. Be2 Bxe2 7. Ngxe2 e6 8.
Bg5 Be7 9. O-O O-O 10. e5 Nd5 11. Bxe7 Qxe7 12. Nxd5 exd5 13. Nc3 c6 14. Qg4
Qe6 15. Qxe6 fxe6 16. Na4 b6 17. Rac1 Rf4 18. Rfd1 c5 19. dxc5 bxc5 20. Nxc5
Kf7 21. g3 Rc4 22. Rxc4 dxc4 23. Rc1 Nc6 24. f4 Rd8 25. Rxc4 Rd1+ 26. Kg2 Rd2+
27. Kh3 Rxb2 28. Ra4 g6 29. Ra6 Rb6 30. Rxb6 axb6 31. Nd7 b5 32. Nc5 b4 33. Kg4
Na7 34. Kg5 Nb5 35. Kh6 Nc3 36. Kxh7 Nxa2 37. h4 Nc1 38. g4 Ne2 39. f5 exf5 40.
gxf5 gxf5 41. Kh6 f4 42. Kg5 f3 43. h5 f2 44. h6 f1=Q 45. e6+ Ke7 46. h7 Qf4+
47. Kg6 Qg4+ 48. Kh6 Qh4+ 49. Kg7 Qg5+ 50. Kh8 Nf4 51. Nd7 Nxe6 0-1

[Event "Junior Online 4NCL Division 4"]
[Site "online"]
[Date "2020.06.04"]
[Round "8.84"]
[White "Zeng, Rosa"]
[Black "Wicks, Alexander"]
[Result "0-1"]
[WhiteElo "1412"]
[BlackElo "1285"]
[PlyCount "50"]
[EventDate "2020.06.04"]
[WhiteTeam "Ojays E"]
[BlackTeam "Woking Warriors"]

1. Nf3 d5 2. d4 Nf6 3. Bf4 Nc6 4. Nc3 Bg4 5. h3 Bxf3 6. gxf3 e6 7. Qd3 Bd6 8.
e3 Bxf4 9. exf4 O-O 10. Rg1 Qd6 11. O-O-O Qxf4+ 12. Kb1 Qd6 13. Be2 Nb4 14. Rg2
Nxd3 15. Bxd3 c5 16. dxc5 Qxc5 17. Rdg1 g6 18. h4 Rac8 19. f4 d4 20. Ne2 Nd5
21. h5 Nb4 22. hxg6 fxg6 23. f5 Nxd3 24. fxg6 Qxc2+ 25. Ka1 Qxb2# 0-1

[Event "Junior Online 4NCL Division 4"]
[Site "online"]
[Date "2020.06.04"]
[Round "8.85"]
[White "Byrom, Harris"]
[Black "Kothari, Jai"]
[Result "0-1"]
[WhiteElo "1457"]
[BlackElo "1547"]
[PlyCount "48"]
[EventDate "2020.06.04"]
[WhiteTeam "Ojays E"]
[BlackTeam "Woking Warriors"]

1. d4 c5 2. c4 cxd4 3. Qxd4 Nc6 4. Qd1 e5 5. Nc3 Nf6 6. e4 h6 7. Nf3 Bc5 8. Nd5
Nxe4 9. Be3 Bxe3 10. Nxe3 O-O 11. Qd5 Nf6 12. Qd2 d6 13. O-O-O Ne4 14. Qe1 Qb6
15. Bd3 Nf6 16. Bc2 Nb4 17. Bb3 Be6 18. Nd5 Nfxd5 19. cxd5 Rac8+ 20. Kb1 Bf5+
21. Ka1 Bc2 22. Rc1 Bxb3 23. axb3 Qa5+ 24. Kb1 Qa2# 0-1